[Event "FIN-chT 0304"]
[Site "Finland"]
[Date "2003.11.15"]
[Round "4.6"]
[White "Heinimaki, Leo"]
[Black "Nivala, Tuomas"]
[Result "0-1"]
[WhiteElo "2064"]
[BlackElo "2196"]
[PlyCount "52"]
[EventDate "2003.09.06"]
[EventType "team-tourn"]
[EventRounds "9"]
[EventCountry "FIN"]
[SourceTitle "EXT 2022"]
[Source "ChessBase"]
[SourceDate "2021.10.06"]
[SourceVersion "1"]
[SourceVersionDate "2021.10.06"]
[SourceQuality "1"]
[WhiteTeam "Turku TS"]
[BlackTeam "Joensuu SK"]
[WhiteTeamCountry "FIN"]
[BlackTeamCountry "FIN"]

1. d4 g6 2. e4 Bg7 3. Nc3 d6 4. Nf3 Nf6 5. h3 a6 6. Be3 b5 7. e5 Nfd7 8. Ng5 Nb6 9. e6 Bxe6 10. Nxe6 fxe6 11. h4 Nc6 12. h5 gxh5 13. Qxh5+ Kd7 14. 0-0-0 Qe8 15. d5 Nxd5 16. Rxd5 Bxc3 17. Qh3 Nb4 18. Rh5 Qg6 19. Bd3 Nxd3+ 20. cxd3 Bg7 21. Bd2 Qf6 22. Bc3 Qf4+ 23. Bd2 Qxf2 24. Re1 Bxb2+ 25. Kd1 Be5 26. Re4 Qg3 0-1

[Event "FIN-chT1A 0304"]
[Site "Finland"]
[Date "2003.09.??"]
[Round "2.3"]
[White "Pihlajasalo, Hannu"]
[Black "Heinimaki, Leo"]
[Result "1/2-1/2"]
[WhiteElo "2214"]
[BlackElo "2064"]
[PlyCount "59"]
[EventDate "2003.09.??"]
[EventType "team-tourn"]
[EventRounds "7"]
[EventCountry "FIN"]
[SourceTitle "EXT 2022"]
[Source "ChessBase"]
[SourceDate "2021.10.06"]
[SourceVersion "1"]
[SourceVersionDate "2021.10.06"]
[SourceQuality "1"]
[WhiteTeam "Salo SK"]
[BlackTeam "Turku TS II"]
[WhiteTeamCountry "FIN"]
[BlackTeamCountry "FIN"]

1. d4 d5 2. c4 c6 3. e3 Nf6 4. Nc3 a6 5. Qc2 g6 6. Nf3 Bg7 7. Bd3 0-0 8. 0-0 c5 9. dxc5 Nc6 10. Nxd5 Nxd5 11. cxd5 Qxd5 12. Be4 Nb4 13. Bxd5 Nxc2 14. Rb1 Nb4 15. e4 Nxd5 16. exd5 Bf5 17. Ra1 Rfd8 18. Bg5 f6 19. Be3 Rxd5 20. Rfd1 Rad8 21. Rxd5 Rxd5 22. Rc1 e5 23. Nd2 Bf8 24. h3 Bd7 25. Ne4 Be7 26. Nc3 Rd3 27. Kf1 Bc6 28. Ke2 Rd8 29. f3 f5 30. Rd1 1/2-1/2

[Event "Tampere Taraus op"]
[Site "Tampere"]
[Date "2002.??.??"]
[Round "8"]
[White "Heinimaki, Leo"]
[Black "Luukkonen, Tommi"]
[Result "1-0"]
[WhiteElo "2076"]
[BlackElo "2171"]
[PlyCount "79"]
[EventDate "2002.03.??"]
[EventType "swiss"]
[EventRounds "9"]
[EventCountry "FIN"]
[SourceTitle "EXT 2004"]
[Source "ChessBase"]
[SourceDate "2003.11.25"]
[SourceVersion "1"]
[SourceVersionDate "2003.11.25"]
[SourceQuality "1"]

1. d4 Nf6 2. Nf3 d5 3. Bf4 c5 4. e3 Nc6 5. h3 Bf5 6. c3 e6 7. Be2 Qb6 8. Qc1 Rc8 9. 0-0 h6 10. Nbd2 a5 11. Bd1 Be7 12. dxc5 Bxc5 13. Nb3 Be7 14. Nbd4 Bd3 15. Re1 0-0 16. Nxc6 bxc6 17. Ne5 Be4 18. Be2 c5 19. b3 Rfd8 20. Rd1 d4 21. Nc4 Qa7 22. exd4 cxd4 23. cxd4 Rxd4 24. Qe3 Bc5 25. Qg3 Bg6 26. Bf3 Ne4 27. Bxe4 Rxe4 28. Be3 Bxe3 29. Nxe3 a4 30. Nc4 Re2 31. Ne5 Rcc2 32. Nxg6 fxg6 33. Rd8+ Kh7 34. Rf1 a3 35. h4 Rxa2 36. h5 Qf7 37. hxg6+ Qxg6 38. Rh8+ Kxh8 39. Qxg6 Rab2 40. Rc1 1-0

[Event "Heart of Finland op 12th"]
[Site "Jyvaskyla"]
[Date "2002.??.??"]
[Round "4"]
[White "Heinimaki, Leo"]
[Black "Rantanen, Yrjo A"]
[Result "0-1"]
[WhiteElo "2067"]
[BlackElo "2353"]
[PlyCount "90"]
[EventDate "2002.09.??"]
[EventType "swiss"]
[EventRounds "9"]
[EventCountry "FIN"]
[SourceTitle "EXT 2004"]
[Source "ChessBase"]
[SourceDate "2003.11.25"]
[SourceVersion "1"]
[SourceVersionDate "2003.11.25"]
[SourceQuality "1"]

1. d4 d5 2. c4 dxc4 3. Nf3 c5 4. e3 cxd4 5. exd4 Be6 6. Na3 Nc6 7. Nxc4 Nf6 8. Be2 g6 9. 0-0 Bg7 10. b3 Nd5 11. Qd2 0-0 12. Bb2 h6 13. Rfe1 Nc7 14. Ne3 Qd6 15. Rad1 Rad8 16. Qc1 Nd5 17. Ba3 Qc7 18. Bb5 Rfe8 19. Bxc6 bxc6 20. Nc4 Bg4 21. Nce5 Bxe5 22. Nxe5 Bxd1 23. Rxd1 Kg7 24. Qd2 f6 25. Bc1 g5 26. Nc4 Nf4 27. Qc2 e5 28. Ne3 exd4 29. Nf5+ Kh8 30. Bxf4 Qxf4 31. Nxh6 d3 32. Qxc6 Kg7 33. g3 Qe5 34. Ng4 Qd6 35. Qb5 Qd7 36. Qc4 d2 37. Ne3 Re5 38. Qc2 Qd3 39. Qc7+ Rd7 40. Qc6 Rxe3 41. fxe3 Qxe3+ 42. Kg2 Qe2+ 43. Kh3 Re7 44. Qh1 g4+ 45. Kh4 Kg6 0-1

[Event "Tampere Taraus op"]
[Site "Tampere"]
[Date "2002.??.??"]
[Round "3"]
[White "Puuska, Heini"]
[Black "Heinimaki, Leo"]
[Result "1-0"]
[WhiteElo "2061"]
[BlackElo "2076"]
[PlyCount "137"]
[EventDate "2002.03.??"]
[EventType "swiss"]
[EventRounds "9"]
[EventCountry "FIN"]
[SourceTitle "EXT 2004"]
[Source "ChessBase"]
[SourceDate "2003.11.25"]
[SourceVersion "1"]
[SourceVersionDate "2003.11.25"]
[SourceQuality "1"]

1. d4 g6 2. e4 c6 3. Nf3 Bg7 4. Bd3 d6 5. 0-0 Nd7 6. Nc3 Qc7 7. Ne2 Ngf6 8. Be3 0-0 9. Qd2 e5 10. Bh6 d5 11. Bxg7 Kxg7 12. Ng3 dxe4 13. Bxe4 h6 14. Bd3 Ng8 15. dxe5 Nc5 16. Qc3 Ne6 17. Rad1 Bd7 18. Be4 Kh7 19. Rd2 Rae8 20. Rfd1 Bc8 21. Qe3 Qa5 22. a3 Kg7 23. b4 Qa6 24. Qb3 Nc7 25. Bd3 Qb6 26. c4 Ne6 27. Qc3 Kh7 28. Bf1 Nf4 29. Qd4 Qxd4 30. Rxd4 Ne6 31. R4d2 Kg7 32. Ne4 Re7 33. Nd6 h5 34. g3 Nh6 35. Nh4 Kh7 36. f4 Ng7 37. Nxc8 Rxc8 38. Bh3 Rce8 39. Kf2 Ne6 40. Nf3 Kg8 41. Rd7 Ng4+ 42. Bxg4 hxg4 43. Ne1 Nf8 44. Rxe7 Rxe7 45. Ng2 Nh7 46. Ne3 f5 47. Rd6 Kg7 48. Nc2 Nf8 49. Nd4 Kf7 50. Rf6+ Kg7 51. Rd6 Kf7 52. Kg2 Ke8 53. Nb3 Ne6 54. b5 cxb5 55. cxb5 Kf7 56. b6 axb6 57. Rxb6 Rc7 58. Kf1 Rd7 59. Ke2 Rc7 60. Ke3 Rc3+ 61. Kd2 Rc7 62. Kd3 Ke7 63. Nd4 Nc5+ 64. Ke3 Kf7 65. Nb5 Re7 66. Nd6+ Kg8 67. Rb5 b6 68. Rxb6 Ra7 69. Kd4 1-0

[Event "Heart of Finland op 12th"]
[Site "Jyvaskyla"]
[Date "2002.??.??"]
[Round "7"]
[White "Sisatto, Olli"]
[Black "Heinimaki, Leo"]
[Result "1/2-1/2"]
[WhiteElo "2227"]
[BlackElo "2067"]
[PlyCount "38"]
[EventDate "2002.09.??"]
[EventType "swiss"]
[EventRounds "9"]
[EventCountry "FIN"]
[SourceTitle "EXT 2004"]
[Source "ChessBase"]
[SourceDate "2003.11.25"]
[SourceVersion "1"]
[SourceVersionDate "2003.11.25"]
[SourceQuality "1"]

1. d4 Nf6 2. c4 e6 3. Nf3 b6 4. a3 Bb7 5. Nc3 d5 6. Bg5 Be7 7. Qa4+ c6 8. Bxf6 Bxf6 9. cxd5 exd5 10. g3 0-0 11. Bg2 c5 12. 0-0 Bc6 13. Qd1 Na6 14. Qd2 Qd6 15. Rad1 Rad8 16. Qc2 Qe7 17. e3 Rfe8 18. Rd2 c4 19. Re1 b5 1/2-1/2

[Event "Tampere Taraus op"]
[Site "Tampere"]
[Date "2002.??.??"]
[Round "5"]
[White "Verkasalo, Tommi"]
[Black "Heinimaki, Leo"]
[Result "1-0"]
[WhiteElo "2057"]
[BlackElo "2076"]
[PlyCount "69"]
[EventDate "2002.03.??"]
[EventType "swiss"]
[EventRounds "9"]
[EventCountry "FIN"]
[SourceTitle "EXT 2004"]
[Source "ChessBase"]
[SourceDate "2003.11.25"]
[SourceVersion "1"]
[SourceVersionDate "2003.11.25"]
[SourceQuality "1"]

1. e4 g6 2. d4 d6 3. Nc3 Bg7 4. Be3 c6 5. Qd2 b5 6. Bd3 Qc7 7. Nf3 Nd7 8. 0-0 Bb7 9. Rfe1 Ngf6 10. Bh6 0-0 11. Bxg7 Kxg7 12. e5 dxe5 13. dxe5 Ng8 14. e6 Nc5 15. exf7 Rxf7 16. Ng5 Qf4 17. Rad1 Qxd2 18. Rxd2 Rf6 19. b4 Nxd3 20. Rxd3 Rd6 21. Rxe7+ Nxe7 22. Rxd6 Re8 23. Ne6+ Kh6 24. g4 Rb8 25. Ne4 Nd5 26. Ng3 g5 27. Nf5+ Kg6 28. Nd8+ Nf6 29. Ne7+ Kg7 30. Ne6+ Kf7 31. Nxg5+ Kxe7 32. Re6+ Kd7 33. Rxf6 Rg8 34. f4 Ke8 35. h3 1-0

[Event "Heart of Finland op 11th"]
[Site "Jyvaskyla"]
[Date "2001.07.18"]
[Round "2"]
[White "Lehtivaara, Petri"]
[Black "Heinimaki, Leo"]
[Result "1-0"]
[WhiteElo "2322"]
[BlackElo "2080"]
[PlyCount "31"]
[EventDate "2001.07.??"]
[EventType "swiss"]
[EventRounds "9"]
[EventCountry "FIN"]
[SourceTitle "EXT 2002"]
[Source "ChessBase"]
[SourceDate "2001.11.25"]
[SourceVersion "1"]
[SourceVersionDate "2001.11.25"]
[SourceQuality "1"]

1. d4 Nf6 2. c4 e6 3. Nf3 d5 4. Nc3 Be7 5. Bf4 c5 6. dxc5 0-0 7. cxd5 exd5 8. e3 Bxc5 9. Be2 Nc6 10. 0-0 Bf5 11. Na4 Bd6 12. Bxd6 Qxd6 13. Rc1 Ne4 14. Nd4 Bd7 15. Nc3 a6 16. Nxe4 1-0

[Event "Tampere op"]
[Site "Tampere"]
[Date "2001.??.??"]
[Round "3"]
[White "Heinimaki, Leo"]
[Black "Kivipelto, Kaj Erik"]
[Result "1/2-1/2"]
[WhiteElo "2080"]
[BlackElo "2244"]
[PlyCount "45"]
[EventDate "2001.??.??"]
[EventType "swiss"]
[EventRounds "7"]
[EventCountry "FIN"]
[SourceTitle "EXT 2002"]
[Source "ChessBase"]
[SourceDate "2001.11.25"]
[SourceVersion "1"]
[SourceVersionDate "2001.11.25"]
[SourceQuality "1"]

1. d4 Nf6 2. c4 g6 3. Nc3 Bg7 4. e4 0-0 5. Nf3 d6 6. h3 c5 7. d5 b5 8. cxb5 a6 9. a4 Nbd7 10. Bd3 axb5 11. Nxb5 c4 12. Bc2 Nc5 13. Qe2 Ba6 14. Rb1 Bxb5 15. axb5 Qa5+ 16. Bd2 Qxb5 17. Nd4 Qa6 18. Bc3 Nd3+ 19. Bxd3 cxd3 20. Qe3 d2+ 21. Kxd2 Nd7 22. Rhd1 Ne5 23. Ke1 1/2-1/2

[Event "Turku op"]
[Site "Turku"]
[Date "2001.??.??"]
[Round "3"]
[White "Heinimaki, Leo"]
[Black "Sorsa, Miitrei"]
[Result "1-0"]
[WhiteElo "2080"]
[BlackElo "2113"]
[PlyCount "145"]
[EventDate "2001.??.??"]
[EventType "swiss"]
[EventRounds "5"]
[EventCountry "FIN"]
[SourceTitle "EXT 2002"]
[Source "ChessBase"]
[SourceDate "2001.11.25"]
[SourceVersion "1"]
[SourceVersionDate "2001.11.25"]
[SourceQuality "1"]

1. d4 Nf6 2. c4 c5 3. d5 b5 4. cxb5 a6 5. e3 g6 6. Nc3 d6 7. a4 Bg7 8. Nf3 0-0 9. e4 Qa5 10. Bd2 Bb7 11. Ra3 Qc7 12. Bc4 Nfd7 13. 0-0 Qc8 14. Qe2 axb5 15. axb5 Nb6 16. Rxa8 Bxa8 17. b3 N8d7 18. Na4 Re8 19. Bc3 Bxc3 20. Nxc3 e6 21. dxe6 fxe6 22. Qd3 Qc7 23. Rd1 Nc8 24. h4 Nf8 25. Ng5 h6 26. Nf3 Qg7 27. Ne2 Qb7 28. Ng3 Qg7 29. Ne2 Qb7 30. Ng3 Qg7 31. Qe3 Re7 32. Nh2 Kh7 33. Qd3 Rd7 34. Qe2 d5 35. exd5 exd5 36. Bd3 Kh8 37. Qg4 Ne7 38. Re1 Bb7 39. Nf3 Bc8 40. Qf4 Ng8 41. Qb8 Rd8 42. Qb6 Rd7 43. Qxc5 Bb7 44. Re8 Re7 45. Rxe7 Qxe7 46. Qxe7 Nxe7 47. Nd4 Kg7 48. Nge2 Kf6 49. f4 Nd7 50. b4 Nb6 51. g4 Nbc8 52. g5+ hxg5 53. hxg5+ Kf7 54. Kf2 Nd6 55. Ng1 Ndc8 56. Ngf3 Nb6 57. Ne5+ Kg7 58. Ne6+ Kh7 59. Ke3 Bc8 60. Nc7 Bf5 61. Kd4 Kg7 62. Bxf5 Nxf5+ 63. Kc5 Na4+ 64. Kc6 Ne7+ 65. Kd6 Nf5+ 66. Kxd5 Ne7+ 67. Kd6 Nc8+ 68. Kc6 Ncb6 69. Ne6+ Kg8 70. Nd4 Kg7 71. Nd7 Nc8 72. b6 Ne7+ 73. Kd6 1-0

[Event "Turku op"]
[Site "Turku"]
[Date "2000.??.??"]
[Round "3"]
[White "Heinimaki, Leo"]
[Black "Sorsa, Miitrei"]
[Result "1/2-1/2"]
[WhiteElo "2109"]
[BlackElo "2121"]
[PlyCount "108"]
[EventDate "2000.??.??"]
[EventType "swiss"]
[EventRounds "5"]
[EventCountry "FIN"]
[SourceTitle "EXT 2001"]
[Source "ChessBase"]
[SourceDate "2000.11.22"]
[SourceVersion "1"]
[SourceVersionDate "2000.11.22"]
[SourceQuality "1"]

1. d4 d5 2. c4 c6 3. e3 Nf6 4. Nc3 g6 5. Qb3 Bg7 6. Nf3 0-0 7. Be2 e6 8. 0-0 Nbd7 9. Rd1 b6 10. Bd2 Re8 11. Rac1 Bb7 12. Be1 Bf8 13. Bd3 Qe7 14. e4 dxe4 15. Nxe4 c5 16. Qc2 Red8 17. Bc3 Bg7 18. Qe2 Nxe4 19. Bxe4 Bxe4 20. Qxe4 cxd4 21. Nxd4 Bxd4 22. Bxd4 e5 23. Bc3 Re8 24. h3 Rad8 25. Qb7 Nc5 26. Qxe7 Rxd1+ 27. Rxd1 Rxe7 28. Rd8+ Kg7 29. f4 f6 30. fxe5 fxe5 31. Rd5 Nd7 32. b4 Kf7 33. c5 bxc5 34. bxc5 e4 35. Kf1 Nb8 36. Ke2 Nc6 37. Ke3 Re6 38. Rd7+ Ne7 39. Rxa7 Ke8 40. Ba5 Nf5+ 41. Kf4 Ne7 42. Ra8+ Kf7 43. Ra7 Ke8 44. Ke3 Nf5+ 45. Ke2 Nd4+ 46. Kd1 e3 47. Be1 Re5 48. Ra3 e2+ 49. Kd2 Rxc5 50. Re3+ Kf7 51. Kd3 Ne6 52. Bg3 Ra5 53. Kxe2 Rxa2+ 54. Kf1 Ng7 1/2-1/2

[Event "Tampere op5"]
[Site "Tampere"]
[Date "2000.??.??"]
[Round "1"]
[White "Keskinen, Sauli"]
[Black "Heinimaki, Leo"]
[Result "1-0"]
[WhiteElo "2227"]
[BlackElo "2082"]
[PlyCount "67"]
[EventDate "2000.08.??"]
[EventType "swiss"]
[EventRounds "5"]
[EventCountry "FIN"]
[SourceTitle "EXT 2001"]
[Source "ChessBase"]
[SourceDate "2000.11.22"]
[SourceVersion "1"]
[SourceVersionDate "2000.11.22"]
[SourceQuality "1"]

1. e4 d6 2. d4 Nf6 3. Nc3 g6 4. f4 Bg7 5. Nf3 0-0 6. e5 Nfd7 7. h4 c5 8. h5 cxd4 9. hxg6 dxc3 10. gxf7+ Rxf7 11. Ng5 cxb2 12. Bxb2 Qa5+ 13. c3 Rxf4 14. Qb3+ d5 15. 0-0-0 Nb6 16. Qc2 Bf5 17. Bd3 Qa4 18. Bxf5 Qxc2+ 19. Bxc2 h6 20. Ne6 Rc4 21. Bb3 Rc6 22. Nxg7 Kxg7 23. Bxd5 Nxd5 24. Rxd5 Na6 25. Rd7 Re6 26. Ba3 Rc8 27. Bxe7 Rxc3+ 28. Kb2 Rc7 29. Bf6+ Kg6 30. Rhd1 Rb6+ 31. Ka1 Rcc6 32. g4 h5 33. Rg7+ Kh6 34. g5# 1-0

[Event "Jyvaskyla We JyS op"]
[Site "Jyvaskyla"]
[Date "1999.??.??"]
[Round "2"]
[White "Agopov, Mikael"]
[Black "Heinimaki, Leo"]
[Result "1-0"]
[WhiteElo "2398"]
[BlackElo "2099"]
[PlyCount "77"]
[EventDate "1999.??.??"]
[EventType "swiss"]
[EventRounds "5"]
[EventCountry "FIN"]
[SourceTitle "EXT 2000"]
[Source "ChessBase"]
[SourceDate "1999.11.16"]
[SourceVersion "1"]
[SourceVersionDate "1999.11.16"]
[SourceQuality "1"]

1. Nf3 d5 2. d4 c6 3. c4 e6 4. g3 Nd7 5. Bg2 dxc4 6. Nbd2 Nb6 7. Qc2 Bb4 8. 0-0 Bxd2 9. Bxd2 Nf6 10. e3 Nfd7 11. Bb4 Nd5 12. Qxc4 Nxb4 13. Qxb4 Qe7 14. Qc3 0-0 15. e4 Rd8 16. Rfd1 Nf6 17. Ne5 Bd7 18. Nc4 Rac8 19. e5 Nd5 20. Qb3 Rc7 21. Nd6 f6 22. f4 Rf8 23. Rac1 Bc8 24. Re1 f5 25. Qc2 a6 26. Bxd5 exd5 27. b4 Kh8 28. a4 g5 29. Qf2 Be6 30. Kh1 Rg8 31. Rc3 b6 32. Rec1 Bd7 33. b5 axb5 34. axb5 gxf4 35. gxf4 c5 36. dxc5 d4 37. Qxd4 bxc5 38. Rxc5 Qg7 39. Nf7+ 1-0

[Event "Heart of Finland op 09th"]
[Site "Jyvaskyla"]
[Date "1999.??.??"]
[Round "?"]
[White "Hjelm, Niclas"]
[Black "Heinimaki, Leo"]
[Result "1/2-1/2"]
[WhiteElo "2306"]
[BlackElo "2092"]
[PlyCount "93"]
[EventDate "1999.07.??"]
[EventType "swiss"]
[EventRounds "9"]
[EventCountry "FIN"]
[SourceTitle "EXT 2001"]
[Source "ChessBase"]
[SourceDate "2000.11.22"]
[SourceVersion "1"]
[SourceVersionDate "2000.11.22"]
[SourceQuality "1"]

1. d4 d5 2. c4 e6 3. Nc3 Nf6 4. Bg5 Be7 5. Nf3 h6 6. Bh4 0-0 7. e3 b6 8. Bd3 Bb7 9. 0-0 Nbd7 10. Qe2 Ne4 11. Bg3 c5 12. cxd5 exd5 13. Rac1 Nxg3 14. hxg3 a6 15. dxc5 bxc5 16. Rfd1 Qa5 17. Bc4 Nf6 18. Nxd5 Nxd5 19. Bxd5 Bxd5 20. Rxd5 Qxa2 21. e4 Rab8 22. Rc2 Bf6 23. Ne5 Bxe5 24. Rxe5 Rfc8 25. Rd5 Rb6 26. Kh2 Qb3 27. Rcd2 Qb5 28. Qg4 Rbb8 29. e5 Qe8 30. f4 Rd8 31. Rd6 Rxd6 32. exd6 Rd8 33. Qf5 Qc6 34. d7 c4 35. Qe5 Kf8 36. Rd6 Qc7 37. Qd5 Ke7 38. Qe5+ Kf8 39. Qd5 Ke7 40. Qe5+ Kf8 41. Qd5 Ke7 42. Rxa6 Qxd7 43. Qxc4 Kf8 44. Qe4 Qb5 45. Ra8 Qh5+ 46. Kg1 Qd1+ 47. Kh2 1/2-1/2